• 首页
  • 本馆介绍
  • 公告通知
  • 最新文献
  • 馆藏检索
  • 电子资源
  • 读者导购
  • 参考咨询
  • 我的图书馆
  • 登录
  • 详细信息显示
  • 放入我的书架
  • 预约/预借图书
  • 作者相关作品
  • 分类相关作品
  • 丛书相关作品
  • 出版社相关作品

书目信息

  • 表格格式
  • 工作单格式
  • 卡片格式
题名:
英语词汇与对比语言学研究
    
 
作者: 张礼, 著
分册:  
出版信息: 沈阳   辽海出版社  2020.01
页数: 141页
开本: 24cm
丛书名:
单 册:
中图分类: H136 , H313
科图分类:
主题词: 比较词汇学--bi jiao ci hui xue--汉语--英语
电子资源:
ISBN: 978-7-5451-5311-8
000 01270nam0 2200265 450
001 CAL 003964599
005 20230217093112.0
010    @a978-7-5451-5311-8@dCNY48.00
100    @a20200618d2020 em y0chiy0120 ea
101 0  @achi@aeng
102    @aCN@b210000
105    @ay a 000yy
106    @ar
200 1  @a英语词汇与对比语言学研究@Aying yu ci hui yu dui bi yu yan xue yan jiu@d= English vocabulary and comparative linguistics@f张礼著@zeng
210    @a沈阳@c辽海出版社@d2020.01
215    @a141页@d24cm
320    @a有书目 (第139-141页)
330    @a本书共七章三部分: 第一部分的研究方向是英语词汇, 介绍了英语词汇的概述、英语词汇的学习以及英语词汇的教学等方面 ; 第二部的研究内容是对比语言学, 如对比语言学的起源与发展、对比语言学的一般理论与方法、对比语言学的应用、汉英语言对比的内容与方法, 以及汉英的词汇、修辞、语法、文化语义的对比等 ; 第三部分为对汉英对比与英语教学的介绍, 对大学英语跨文化教学、英汉对比分析在英语教学中的应用、英语写作教学中英汉对比意识的培养等进行了探讨。
510 1  @aEnglish vocabulary and comparative linguistics@zeng
606 0  @a比较词汇学@Abi jiao ci hui xue@x汉语@x英语
690    @aH136@v5
690    @aH313@v5
701  0 @a张礼,@Azhang li@f1969-@4著
801  0 @aCN@bBJXHZP@c20230222
905    @b1378554-7@dH136@e414@f4
    
    英语词汇与对比语言学研究= English vocabulary and comparative linguistics/张礼著.-沈阳:辽海出版社,2020.01
    141页;24cm
    
    
    ISBN 978-7-5451-5311-8:CNY48.00
    本书共七章三部分: 第一部分的研究方向是英语词汇, 介绍了英语词汇的概述、英语词汇的学习以及英语词汇的教学等方面 ; 第二部的研究内容是对比语言学, 如对比语言学的起源与发展、对比语言学的一般理论与方法、对比语言学的应用、汉英语言对比的内容与方法, 以及汉英的词汇、修辞、语法、文化语义的对比等 ; 第三部分为对汉英对比与英语教学的介绍, 对大学英语跨文化教学、英汉对比分析在英语教学中的应用、英语写作教学中英汉对比意识的培养等进行了探讨。
●
相关链接 在E读中查询图书 在五车中查询图书 在当当中查询图书 在豆瓣中查询图书


正题名:英语词汇与对比语言学研究     索取号:H136/414         预约/预借

序号 登录号 条形码 馆藏地/架位号 状态 备注
1 1378554   213785545   第二样本阅览室/ [索取号:H136/414] 在馆    
2 1378555   213785554   第四借阅区/ [索取号:H136/414] 在馆    
3 1378556   213785563   第四借阅区/ [索取号:H136/414] 在馆    
4 1378557   213785572   第四借阅区/ [索取号:H136/414] 在馆    
唐山师范学院图书馆 欢迎您!
大连网信软件有限公司© 版权所有